| 000 | 00659nam a2200181 a 4500 | ||
|---|---|---|---|
| 001 | 000047871 | ||
| 005 | 20201002060801.0 | ||
| 008 | 181001s2018 dr 000 0 spa d | ||
| 020 | _a9789945092097 | ||
| 040 |
_aDO-SdBNP _bspa _cBNPHU |
||
| 082 |
_axx _bxx |
||
| 100 | 1 |
_aBautista Lantigua, Wilsis M. _975434 |
|
| 245 | 1 | 0 |
_a"El manual de la chapiadora" : _bla guía que promete convertirse en tu material exclusivo de consulta sobrel el chapeo / _cWilsis M. Bautista Lantigua. |
| 246 | 1 | 4 |
_aWilsis M. Bautista Lantigua : _bchapiadora por elección |
| 260 |
_aSanto Domingo : _b[s.n.], _c2018. |
||
| 300 |
_a124 p. ; _c22 cm. |
||
| 590 | _aInventariado, 2018/VM | ||
| 999 |
_c47359 _d47359 |
||